[Event "Mumbai Wealth op U13 4th"]
[Site "Mumbai"]
[Date "2019.01.02"]
[Round "4"]
[White "Borate, Tanvi"]
[Black "Shah, Viha"]
[Result "1/2-1/2"]
[WhiteElo "1035"]
[BlackElo "1212"]
[PlyCount "69"]
[EventDate "2018.12.30"]
[EventType "swiss"]
[EventRounds "9"]
[EventCountry "IND"]
[SourceTitle "CBM 188 Extra"]
[Source "ChessBase"]
[SourceDate "2019.02.26"]
[SourceVersion "1"]
[SourceVersionDate "2019.02.26"]
[SourceQuality "1"]

1. e4 c5 2. Nf3 d6 3. d4 cxd4 4. Nxd4 Nf6 5. Nc3 a6 6. Be2 Nbd7 7. 0-0 e6 8. Be3 Qc7 9. f4 b5 10. a3 Bb7 11. Bd3 Nc5 12. Qf3 Nxd3 13. cxd3 Rc8 14. Rac1 Qd8 15. Qg3 Nh5 16. Qg4 Nf6 17. Qg3 h5 18. h3 h4 19. Qf3 Nh5 20. Nde2 Be7 21. d4 Nf6 22. f5 exf5 23. Qxf5 Qd7 24. Qf3 Bd8 25. d5 Rc4 26. Nd4 Nh5 27. Nde2 Nf6 28. Nd4 Nh5 29. Nde2 Nf6 30. Nd4 Nh5 31. Nde2 Nf6 32. Nd4 Nh5 33. Nde2 Nf6 34. Nd4 Nh5 35. Nde2 1/2-1/2